Statistics for Capitals of South East Asia on an Empty Map

Click here to take the quiz!

General Stats

  • This quiz has been taken 59 times
  • The average score is 9 of 11

Answers on the Map

Answers color-coded by a green-red scale on the quiz's map according to % correct below.
 

Answer Stats

Cities% Correct
Jakarta
95%
Bangkok
91%
Manilla
86%
Kuala Lumpur
84%
Singapore
84%
Hanoi
82%
Phnom Penh
77%
Vientiane
75%
Dili
66%
Naypyidaw
61%
Bandar Seri
Begawan
57%

Score Distribution

Percentile by Number Answered

Percent of People with Each Score

Your Score History

You have not taken this quiz